000 nam a22 7a 4500
999 _c9899
_d9899
008 180208b ||||| |||| 00| 0 eng d
100 _aProminent
_95972
245 _aScary Ghost Stories to Chill You
260 _aNew Delhi
_bMohit Publication
_c2012